|
|
|
|
| LEADER |
00000nam0a2200000 4500 |
| 001 |
305864 |
| 005 |
20231102001836.0 |
| 035 |
|
|
|a (RuTPU)RU\TPU\book\331139
|
| 090 |
|
|
|a 305864
|
| 100 |
|
|
|a 20151001d1978 k y0rusy50 ca
|
| 101 |
0 |
|
|a rus
|
| 102 |
|
|
|a RU
|
| 105 |
|
|
|a a z 001zy
|
| 200 |
1 |
|
|a Фотопотенциометры и функциональные фоторезисторы
|f С. В. Свечников, А. К. Смовж, Э. Б. Каганович
|
| 210 |
|
|
|a Москва
|c Советское радио
|d 1978
|
| 215 |
|
|
|a 184 с.
|c ил.
|
| 320 |
|
|
|a Библиогр.: с. 167-180.
|
| 320 |
|
|
|a Предметный указатель: с. 181-182.
|
| 606 |
1 |
|
|a Фотопотенциометры
|2 stltpush
|3 (RuTPU)RU\TPU\subj\64267
|9 81176
|
| 606 |
1 |
|
|a Фоторезисторы полупроводниковые
|2 stltpush
|3 (RuTPU)RU\TPU\subj\64271
|9 81180
|
| 610 |
1 |
|
|a оптоэлектронные преобразователи
|
| 610 |
1 |
|
|a функциональные преобразователи
|
| 610 |
1 |
|
|a физические основы
|
| 610 |
1 |
|
|a режимы
|
| 610 |
1 |
|
|a характеристики
|
| 610 |
1 |
|
|a схемы
|
| 610 |
1 |
|
|a функциональные преобразования
|
| 610 |
1 |
|
|a датчики
|
| 610 |
1 |
|
|a источники света
|
| 675 |
|
|
|a 621.383.4
|v 3
|
| 700 |
|
1 |
|a Свечников
|b С. В.
|g Сергей Васильевич
|
| 701 |
|
1 |
|a Смовж
|b А. К.
|g Анатолий Кузьмич
|
| 701 |
|
1 |
|a Каганович
|b Э. Б.
|g Элла Борисовна
|
| 801 |
|
1 |
|a RU
|b 63413507
|c 20151001
|
| 801 |
|
2 |
|a RU
|b 63413507
|c 20211028
|g RCR
|
| 942 |
|
|
|c BK
|